000 00612nam a2200181Ia 4500
003 GCL
008 140319s9999 xx 000 0 ara d
040 _aGCL /
_cGCL
082 0 4 _a708
_bع م
100 1 _aعبداللطيف جاسم
245 1 0 _aالمنتخب من مجموعة الدكتور عبد اللطيف جاسم كانو من الفنون الاسلامية /
_cعبداللطيف جاسم
260 _a[S.N] :
_bبيت القران ،
_c1991
300 _a254 ص
490 _a
650 0 4 _aالفنون الاسلامية
650 0 4 _aالزخرفة الاسلامية
942 _2ddc
_cBK
999 _c36063
_d36063